000 00895cam a2200277 a 4500
001 000015869
005 20260202091015.0
008 830415s1983 ilua b 001 0 eng
020 _a0256026297
035 _a(DLC) 82082528
040 _aDO-SdBNP
_bspa
_cDLC
_dDLC
_dBNPHU
082 _a658.3145
_bF973p
100 1 _aFulmer, Robert M.
_935739
245 1 0 _aPractical human relations /
_cRobert M. Fulmer.
250 _aEd. rev.
260 _aHomewood :
_bRichard D. Irwin,
_c1983.
300 _axvii, 429 p. :
_bil. ;
_c24 cm.
490 1 _aGestión y las ciencias del comportamiento
504 _aIncluye bibliografía e índice.
650 0 _aRelaciones humanas
_9606
650 4 _aRelacionesindustriales
_935740
650 4 _aPsicología industrial
_91577
830 0 _aGestión y las ciencias del comportamiento
_935741
910 _aCatalogación por copia / LC
049 _aBNGR
999 _c15411
_d15411